| 000 | 00730nam a2200229Ia 4500 | ||
|---|---|---|---|
| 005 | 20260430150732.0 | ||
| 008 | 008 250103s9999 xx 000 0 hin d | ||
| 037 | _aTheses | ||
| 040 | _aCRL | ||
| 040 | _bhin | ||
| 040 | _chin | ||
| 041 | _2hin | ||
| 041 | _ahin | ||
| 084 | _qCRL | ||
| 100 | _aरेखा कुमारी, ले. | ||
| 245 | 0 | _aमध्यकालीन हिन्दी साहित्य और लोक परंपराओं का अध्ययन | |
| 260 | _c2022 | ||
| 300 | _a229पृ0 | ||
| 700 | _aदिल्ली विश्वविद्यालय. कला संकाय. हिन्दी विभाग | ||
| 942 | _cTH | ||
| 999 |
_c1850521 _d1850521 |
||